A job with a mortgage built in (Record no. 71106)

MARC details
000 -LEADER
fixed length control field 01075cam a2200241 4500
001 - CONTROL NUMBER
control field ABS65839
008 - FIXED-LENGTH DATA ELEMENTS--GENERAL INFORMATION
fixed length control field 020906n2002 000 0 eng u
035 ## - SYSTEM CONTROL NUMBER
System control number (Sirsi) u119589
100 ## - MAIN ENTRY--PERSONAL NAME
Personal name Martin, D.
245 #2 - TITLE STATEMENT
Title A job with a mortgage built in
260 ## - PUBLICATION, DISTRIBUTION, ETC.
Date of publication, distribution, etc. 2002
490 ## - SERIES STATEMENT
Series statement Inside Housing
Volume/sequential designation 30 August 2002, 11(1)
520 ## - SUMMARY, ETC.
Summary, etc. Reviews some of the measures the government is taking which attempt to tackle the housing crisis. Government Office for London produced a housing statement which recommended that employers should seek to provide affordable accommodation for their employees through the use of rent or mortgage guarantees. Some sources doubt whether the scheme will be effective as there are no new public funds meaning the private sector is unlikely to become interested.
590 ## - LOCAL NOTE (RLIN)
Local note ABS
650 ## - SUBJECT ADDED ENTRY--TOPICAL TERM
Topical term or geographic name entry element HOUSING
650 ## - SUBJECT ADDED ENTRY--TOPICAL TERM
Topical term or geographic name entry element STARTER HOMES INITITATIVE
650 ## - SUBJECT ADDED ENTRY--TOPICAL TERM
Topical term or geographic name entry element SOUTH EAST
650 ## - SUBJECT ADDED ENTRY--TOPICAL TERM
Topical term or geographic name entry element LONDON
650 ## - SUBJECT ADDED ENTRY--TOPICAL TERM
Topical term or geographic name entry element LONDON HOUSING FEDERATION
650 ## - SUBJECT ADDED ENTRY--TOPICAL TERM
Topical term or geographic name entry element LOGICA
690 ## - LOCAL SUBJECT ADDED ENTRY--TOPICAL TERM (OCLC, RLIN)
Topical term or geographic name as entry element PROPERTY-RESIDENTIAL PROPERTY-RESIDENTIAL PROPERTY MARKET
942 ## - ADDED ENTRY ELEMENTS (KOHA)
Suppress in OPAC 0
Holdings
Withdrawn status Lost status Source of classification or shelving scheme Damaged status Not for loan Home library Current library Shelving location Date acquired Total Checkouts Full call number Barcode Date last seen Copy number Price effective from Koha item type
    Dewey Decimal Classification     London London Journal article 06/09/2002   ABS65839 119589-1001 06/08/2019 1 06/08/2019 Journal article